{"text_format":"2","workbook":"xlsx","n_sheets":5,"sheets":["Resumo","Planilha Geral","Planilhas auxiliares","Uniformes (Detalhamento)","Mat & Equip (Detalhamento)"],"not_rendered":{"charts":0,"images":1,"macros":0,"external_links":0,"defined_names":8,"comments":2,"pivot_tables":0},"unopened":[],"bounds":{"document_bytes":16777216,"sheet_cells":100000,"run_cost":"one","rows_first":2000,"rows_last":500,"rows_between":2000,"halvings":0,"cell_chars":16384,"cell_head_chars":4096},"cells_cut":0,"cells_raw":0,"read":"whole","date_system":"1900"}

{"sheet":"Resumo","index":0,"n_rows":25,"n_cols":5,"rows_kept":25,"cut":false,"hidden":false,"merged":[[23,0,23,3],[24,0,24,3],[14,0,14,4],[5,0,7,4],[9,0,9,4],[10,0,10,4],[17,0,17,1],[17,2,18,2],[17,3,18,3],[17,4,18,4]]}
[]
[]
[]
[]
[]
["Contratação dos serviços de auxiliar de limpeza, copeira, auxiliar de manutenção predial e assistente administrativo para apoio ao Centro de Controle e Operação do PISF - AD/GOI/CCO, localizado em Salgueiro/PE"]
[]
[]
[]
["PLANILHA DE CUSTOS E FORMAÇÃO DE PREÇOS"]
["INSTRUÇÃO NORMATIVA Nº 05 DE 25/05/17 E Nº 07 DE 20/09/2018 - SLTI/MPOG"]
[]
[]
[]
["ANEXO I - A: QUADRO RESUMO DE FORMAÇÃO DE PREÇOS"]
[]
[]
["POSTOS",null,"Nº de Postos","Valor do Posto","Valor Mensal"]
["ITEM","DESCRIÇÃO"]
[1,"Assistente Administrativo",2,{"$f":"('Planilha Geral'!D137)/C20","v":3123.37},{"$f":"C20*D20","v":6246.74}]
[2,"Auxiliar de Limpeza",1,{"$f":"('Planilha Geral'!F137)/C21","v":3755.73},{"$f":"C21*D21","v":3755.73}]
[3,"Copeira",1,{"$f":"('Planilha Geral'!H137)/C22","v":3261.86},{"$f":"C22*D22","v":3261.86}]
[4,"Auxiliar de Manut. Predial",1,{"$f":"('Planilha Geral'!J137)/C23","v":3118.56},3118.56]
["TOTAL MENSAL:",null,null,null,{"$f":"SUM(E20:E23)","v":16382.89}]
["TOTAL 12 MESES:",null,null,null,{"$f":"SUM(E24*12)","v":196594.68}]

{"sheet":"Planilha Geral","index":1,"n_rows":140,"n_cols":11,"rows_kept":140,"cut":false,"hidden":false,"merged":[[130,9,130,10],[131,9,131,10],[132,9,132,10],[133,9,133,10],[135,9,135,10],[136,9,136,10],[137,9,137,10],[138,9,138,10],[139,9,139,10],[134,0,134,10],[138,0,138,8],[139,0,139,8],[117,9,117,10],[118,9,118,10],[119,9,119,10],[120,9,120,10],[121,9,121,10],[122,9,122,10],[127,9,127,10],[128,9,128,10],[129,9,129,10],[126,0,126,10],[98,9,98,10],[99,9,99,10],[104,9,104,10],[105,9,105,10],[107,9,107,10],[108,9,108,10],[110,9,110,10],[111,9,111,10],[116,9,116,10],[115,0,115,10],[103,0,103,10],[62,9,62,10],[63,9,63,10],[64,9,64,10],[65,9,65,10],[71,9,71,10],[86,9,86,10],[87,9,87,10],[96,9,96,10],[97,9,97,10],[70,0,70,10],[73,0,73,10],[78,0,78,10],[95,0,95,10],[85,0,85,10],[89,1,89,10],[136,7,136,8],[137,7,137,8],[12,9,12,10],[13,9,13,10],[14,9,14,10],[15,9,15,10],[16,9,16,10],[30,9,30,10],[31,9,31,10],[43,9,44,10],[45,9,45,10],[47,9,47,10],[48,9,48,10],[49,9,49,10],[52,9,52,10],[53,9,53,10],[54,9,54,10],[55,9,55,10],[56,9,56,10],[57,9,57,10],[58,9,58,10],[59,9,59,10],[122,7,122,8],[127,7,127,8],[128,7,128,8],[129,7,129,8],[130,7,130,8],[131,7,131,8],[132,7,132,8],[133,7,133,8],[135,7,135,8],[108,7,108,8],[110,7,110,8],[111,7,111,8],[116,7,116,8],[117,7,117,8],[118,7,118,8],[119,7,119,8],[120,7,120,8],[121,7,121,8],[86,7,86,8],[87,7,87,8],[96,7,96,8],[97,7,97,8],[98,7,98,8],[99,7,99,8],[104,7,104,8],[105,7,105,8],[107,7,107,8],[56,7,56,8],[57,7,57,8],[58,7,58,8],[59,7,59,8],[62,7,62,8],[63,7,63,8],[64,7,64,8],[65,7,65,8],[71,7,71,8],[61,1,61,10],[43,7,44,8],[45,7,45,8],[47,7,47,8],[48,7,48,8],[49,7,49,8],[52,7,52,8],[53,7,53,8],[54,7,54,8],[55,7,55,8],[51,1,51,10],[46,1,46,10],[25,7,25,8],[25,9,25,10],[30,7,30,8],[31,7,31,8],[19,0,19,10],[29,0,29,10],[12,1,12,8],[13,1,13,8],[14,1,14,8],[15,1,15,8],[16,1,16,8],[20,7,20,8],[20,9,20,10],[21,7,21,8],[21,9,21,10],[22,7,22,8],[22,9,22,10],[23,7,23,8],[23,9,23,10],[24,7,24,8],[24,9,24,10],[11,0,11,10],[3,0,5,10],[7,0,7,10],[8,0,8,10],[22,5,22,6],[22,0,22,2],[21,0,21,2],[23,0,23,2],[24,0,24,2],[25,0,25,2],[86,0,88,0],[86,1,88,1],[86,2,88,2],[97,5,97,6],[105,5,105,6],[63,3,63,4],[63,5,63,6],[50,0,50,2],[60,0,60,2],[62,3,62,4],[62,5,62,6],[52,3,52,4],[42,0,42,10],[53,5,53,6],[21,3,21,4],[21,5,21,6],[20,0,20,2],[98,1,98,2],[99,1,99,2],[98,3,98,4],[135,5,135,6],[131,3,131,4],[132,3,132,4],[133,3,133,4],[135,3,135,4],[132,5,132,6],[133,5,133,6],[128,3,128,4],[128,5,128,6],[129,5,129,6],[130,5,130,6],[131,5,131,6],[67,0,67,2],[105,3,105,4],[96,3,96,4],[43,5,44,6],[47,3,47,4],[48,3,48,4],[45,3,45,4],[43,3,44,4],[45,5,45,6],[65,3,65,4],[65,5,65,6],[64,3,64,4],[64,5,64,6],[52,5,52,6],[59,3,59,4],[59,5,59,6],[58,3,58,4],[58,5,58,6],[57,3,57,4],[57,5,57,6],[56,3,56,4],[56,5,56,6],[55,3,55,4],[55,5,55,6],[54,3,54,4],[54,5,54,6],[53,3,53,4],[96,1,97,2],[43,0,45,0],[31,3,31,4],[66,0,66,2],[86,3,86,4],[86,5,86,6],[87,3,87,4],[87,5,87,6],[43,2,45,2],[43,1,45,1],[96,5,96,6],[96,0,97,0],[97,3,97,4],[92,0,92,2],[47,5,47,6],[49,5,49,6],[49,3,49,4],[48,5,48,6],[20,3,20,4],[30,0,32,0],[39,0,39,2],[23,3,23,4],[23,5,23,6],[20,5,20,6],[24,3,24,4],[24,5,24,6],[30,2,32,2],[30,1,32,1],[31,5,31,6],[30,3,30,4],[30,5,30,6],[22,3,22,4],[25,3,25,4],[25,5,25,6],[99,3,99,4],[98,5,98,6],[99,5,99,6],[107,3,107,4],[107,5,107,6],[108,3,108,4],[108,5,108,6],[116,3,116,4],[116,5,116,6],[110,3,110,4],[110,5,110,6],[111,3,111,4],[111,5,111,6],[112,0,112,2],[100,0,100,2],[104,0,106,0],[104,1,106,1],[104,2,106,2],[104,3,104,4],[104,5,104,6],[117,3,117,4],[117,5,117,6],[136,0,136,2],[129,1,129,2],[130,1,130,2],[132,1,132,2],[131,1,131,2],[133,1,133,2],[135,1,135,2],[129,3,129,4],[116,0,117,2],[127,0,128,0],[127,1,128,1],[127,2,128,2],[127,3,127,4],[127,5,127,6],[137,0,137,2],[130,3,130,4],[121,3,121,4],[121,5,121,6],[118,0,118,2],[119,0,119,2],[120,0,120,2],[119,3,119,4],[119,5,119,6],[120,3,120,4],[120,5,120,6],[118,5,118,6],[118,3,118,4],[136,3,136,4],[137,3,137,4],[136,5,136,6],[137,5,137,6],[121,0,121,2],[122,0,122,2],[122,3,122,4],[122,5,122,6],[82,0,82,2],[71,0,72,0],[71,1,72,1],[71,2,72,2],[71,3,71,4],[71,5,71,6]]}
[]
[]
[]
["Contratação dos serviços de auxiliar de limpeza, copeira, auxiliar de manutenção predial e assistente administrativo para apoio ao Centro de Controle e Operação do PISF - AD/GOI/CCO, localizado em Salgueiro/PE"]
[]
[]
[]
["PLANILHA DE CUSTOS E FORMAÇÃO DE PREÇOS"]
["INSTRUÇÃO NORMATIVA Nº 05 DE 25/05/17 E Nº 07 DE 20/09/2018 - SLTI/MPOG"]
[]
[]
["DISCRIMINAÇÃO DOS SERVIÇOS (Dados referentes à contratação)"]
["A","Data de apresentação da proposta (dia/mês/ano)",{"$nulls":7},"2019-05-01"]
["B","Município/UF",{"$nulls":7},"Salgueiro-PE"]
["C","Nº de meses de execução contratual",{"$nulls":7},"12 meses"]
["D.1","Número de Registro no MTE (Ano Acordo, Convenção ou Sentença Normativa em Dissídio Coletivo):",{"$nulls":7},"PE000165/2019 "]
["D.2","Data de Registro no MTE (Ano Acordo, Convenção ou Sentença Normativa em Dissídio Coletivo):",{"$nulls":7},"2019-02-19"]
[]
[]
["IDENTIFICAÇÃO DO SERVIÇO E MÃO DE OBRA VINCULADA À EXECUÇÃO CONTRATUAL"]
["Descrição",null,null,"Assistente Administrativo",null,"Auxiliar de Limpeza",null,"Copeira",null,"Auxiliar de Manut. Predial"]
["Unidade de Medida",null,null,"und",null,"und",null,"und",null,"und"]
[" Quant. Total a contratar (em função da unid. de medida)",null,null,2,null,1,null,1,null,1]
[" Categoria Profissional (vinculada à execução contratual)",null,null,"4110-10",null,"5143-20",null,"5134-25",null,"5143-10"]
["Salário Normativo da Categoria (CCT 2019)",null,null,1020.81,null,1020.81,null,1020.81,null,1020.81]
["Data-Base da Categoria",null,null,"2019-01-01",null,"2019-01-01",null,"2019-01-01",null,"2019-01-01"]
[]
[]
[]
["MÓDULO 1: COMPOSIÇÃO DA REMUNERAÇÃO"]
["ITEM","DESCRIÇÃO","Quantidade ",{"$f":"D21","v":"Assistente Administrativo"},null,{"$f":"F21","v":"Auxiliar de Limpeza"},null,{"$f":"H21","v":"Copeira"},null,{"$f":"J21","v":"Auxiliar de Manut. Predial"}]
[null,null,null,"Valor (R$)",null,"Valor (R$)",null,"Valor (R$)",null,"Valor (R$)"]
[null,null,null,"Unitário","Total","Unitário","Total","Unitário","Total","Unitário","Total"]
["A","Salário-Base","-",{"$f":"D25","v":1020.81},{"$f":"$D$23*D34","v":2041.62},{"$f":"F25","v":1020.81},{"$f":"$F$23*F34","v":1020.81},{"$f":"H25","v":1020.81},{"$f":"$F$23*H34","v":1020.81},{"$f":"J25","v":1020.81},{"$f":"$F$23*J34","v":1020.81}]
["B","Gratificação de Função","-",0,{"$f":"$D$23*D35","v":0},0,{"$f":"$F$23*F35","v":0},0,{"$f":"$F$23*H35","v":0},0,{"$f":"$F$23*J35","v":0}]
["C","Adicional de Periculosidade","-",{"$f":"D27","v":0},0,{"$f":"F27","v":0},0,0,0,{"$f":"J27","v":0},0]
["D","Adicional de Insalubridade","-",0,0,0,0,0,0,{"$f":"J28","v":0},0]
["E","Adicional Noturno","-",0,0,0,0,0,0,{"$f":"J29","v":0},0]
["F","Adicional de Hora Noturna Reduzida","-",0,0,0,0,0,0,{"$f":"J30","v":0},0]
["Total  - Módulo 1: Composição da Remuneração",null,null,null,{"$f":"SUM(E34:E39)","v":2041.62},null,{"$f":"SUM(G34:G39)","v":1020.81},null,{"$f":"SUM(I34:I39)","v":1020.81},null,{"$f":"SUM(K34:K39)","v":1020.81}]
[]
[]
["MÓDULO 2: ENCARGOS E BENEFÍCIOS ANUAIS, MENSAIS E DIÁRIOS"]
["ITEM","DESCRIÇÃO","Percentual (%)",{"$f":"D21","v":"Assistente Administrativo"},null,{"$f":"F21","v":"Auxiliar de Limpeza"},null,{"$f":"H21","v":"Copeira"},null,{"$f":"J21","v":"Auxiliar de Manut. Predial"}]
[]
[null,null,null,"Valor (R$)",null,"Valor (R$)",null,"Valor (R$)",null,"Valor (R$)"]
["2.1","13º (décimo terceiro) Salário, Férias e Adicional de Férias"]
["A","13º Salário",{"$f":"1/12","v":8.3299999999999999E-2},{"$f":"$C$48*E40","v":170.07},null,{"$f":"$C$48*G40","v":85.03},null,{"$f":"$C$48*I40","v":85.03},null,{"$f":"$C$48*K40","v":85.03}]
["B","Férias e Adicional de Férias",{"$f":"1/12","v":8.3299999999999999E-2},{"$f":"$C$49*E40","v":170.07},null,{"$f":"$C$49*G40","v":85.03},null,{"$f":"$C$49*I40","v":85.03},null,{"$f":"$C$49*K40","v":85.03}]
["C","Adicional de Férias - 1/3 Constitucional (Art. 7º CF)",{"$f":"(1/3)*(1/12)","v":2.7799999999999998E-2},{"$f":"$C$50*E40","v":56.76},null,{"$f":"$C$50*G40","v":28.38},null,{"$f":"$C$50*I40","v":28.38},null,{"$f":"$C$50*K40","v":28.38}]
["Total 2.1 (13º Salário, Férias e Adicional de Férias):",null,null,null,{"$f":"SUM(D48:E50)","v":396.9},null,{"$f":"SUM(F48:G50)","v":198.44},null,{"$f":"SUM(H48:I50)","v":198.44},null,{"$f":"SUM(J48:K50)","v":198.44}]
["2.2","Encargos Previdenciários (GPS), Fundo de Garantia por Tempo de Serviço (FGTS) e outras contribuições"]
["A","INSS",0.2,{"$f":"C53*(E40+E51)","v":487.7},null,{"$f":"$C$53*(G40+G51)","v":243.85},null,{"$f":"$C$53*(I40+I51)","v":243.85},null,{"$f":"$C$53*(K40+K51)","v":243.85}]
["B","Salário Educação",2.5000000000000001E-2,{"$f":"$C$54*(E40+E51)","v":60.96},null,{"$f":"$C$54*(G40+G51)","v":30.48},null,{"$f":"$C$54*(I40+I51)","v":30.48},null,{"$f":"$C$54*(K40+K51)","v":30.48}]
["C","SAT - GIL/RAT",0.03,{"$f":"$C$55*(E40+E51)","v":73.16},null,{"$f":"$C$55*(G40+G51)","v":36.58},null,{"$f":"$C$55*(I40+I51)","v":36.58},null,{"$f":"$C$55*(K40+K51)","v":36.58}]
["D","SESC ou SESI",1.4999999999999999E-2,{"$f":"$C$56*(E40+E51)","v":36.58},null,{"$f":"$C$56*(G40+G51)","v":18.29},null,{"$f":"$C$56*(I40+I51)","v":18.29},null,{"$f":"$C$56*(K40+K51)","v":18.29}]
["E","SENAI - SENAC",0.01,{"$f":"$C$57*(E40+E51)","v":24.39},null,{"$f":"$C$57*(G40+G51)","v":12.19},null,{"$f":"$C$57*(I40+I51)","v":12.19},null,{"$f":"$C$57*(K40+K51)","v":12.19}]
["F","SEBRAE",6.0000000000000001E-3,{"$f":"$C$58*(E40+E51)","v":14.63},null,{"$f":"$C$58*(G40+G51)","v":7.32},null,{"$f":"$C$58*(I40+I51)","v":7.32},null,{"$f":"$C$58*(K40+K51)","v":7.32}]
["G","INCRA",2E-3,{"$f":"$C$59*(E40+E51)","v":4.88},null,{"$f":"$C$59*(G40+G51)","v":2.44},null,{"$f":"$C$59*(I40+I51)","v":2.44},null,{"$f":"$C$59*(K40+K51)","v":2.44}]
["H","FGTS",0.08,{"$f":"$C$60*(E40+E51)","v":195.08},null,{"$f":"$C$60*(G40+G51)","v":97.54},null,{"$f":"$C$60*(I40+I51)","v":97.54},null,{"$f":"$C$60*(K40+K51)","v":97.54}]
["Total 2.2 (Encargos Previdenciários, FGTS...):",null,null,null,{"$f":"SUM(D53:E60)","v":897.38},null,{"$f":"SUM(F53:G60)","v":448.69},null,{"$f":"SUM(H53:I60)","v":448.69},null,{"$f":"SUM(J53:K60)","v":448.69}]
["2.3","Benefícios Mensais e Diários"]
["A","Vale-Transporte","-",{"$f":"((22*2*4)*D23)-(6%*E40)","v":229.5},null,{"$f":"((22*2*4)*F23)-(6%*G40)","v":114.75},null,{"$f":"((22*2*4)*H23)-(6%*I40)","v":114.75},null,{"$f":"((22*2*4)*J23)-(6%*K40)","v":114.75}]
["B","Auxílio-Refeição/Alimentação (CCT 2019 -Cláusula 9ª)","-",{"$f":"(22*7.35)*D23","v":323.39999999999998},null,{"$f":"(22*7.35)*F23","v":161.69999999999999},null,{"$f":"(22*7.35)*H23","v":161.69999999999999},null,{"$f":"(22*7.35)*J23","v":161.69999999999999}]
["C","Benefício Cesta Básica (CCT 2019 -Cláusula 11ª)","-",{"$f":"100*D23","v":200},null,{"$f":"100*F23","v":100},null,{"$f":"100*H23","v":100},null,{"$f":"100*J23","v":100}]
["D","Coberturas Sociais (CCT 2019 -Cláusula 19ª)","-",{"$f":"50*D23","v":100},null,{"$f":"50*F23","v":50},null,{"$f":"50*H23","v":50},null,{"$f":"50*J23","v":50}]
["Total 2.3 (Benefícios Mensais e Diários):",null,null,null,{"$f":"SUM(D63:D66)","v":852.9},null,{"$f":"SUM(F63:F66)","v":426.45},null,{"$f":"SUM(H63:H66)","v":426.45},null,{"$f":"SUM(J63:J66)","v":426.45}]
["Total  - Módulo 2: Enc. e Benef. Anuais, Mensais e Diários",null,null,null,{"$f":"E51+E61+E67","v":2147.1799999999998},null,{"$f":"G51+G61+G67","v":1073.58},null,{"$f":"I51+I61+I67","v":1073.58},null,{"$f":"K51+K61+K67","v":1073.58}]
[]
[]
["MÓDULO 3: PROVISÃO PARA RESCISÃO"]
["ITEM","DESCRIÇÃO","Percentual (%)",{"$f":"D21","v":"Assistente Administrativo"},null,{"$f":"F21","v":"Auxiliar de Limpeza"},null,{"$f":"H21","v":"Copeira"},null,{"$f":"J21","v":"Auxiliar de Manut. Predial"}]
[null,null,null,"Base de Cálculo","Total","Base de Cálculo","Total","Base de Cálculo","Total","Base de Cálculo","Total"]
["Requisitos para Cálculo:"]
["A","Aviso Prévio Indenizado","-",{"$f":"E40+E51+D60+E67","v":3486.5},{"$f":"D75/12","v":290.54000000000002},{"$f":"G40+G51+F60+G67","v":1743.24},{"$f":"F75/12","v":145.27000000000001},{"$f":"I40+I51+H60+I67","v":1743.24},{"$f":"H75/12","v":145.27000000000001},{"$f":"K40+K51+J60+K67","v":1743.24},{"$f":"J75/12","v":145.27000000000001}]
["B","Multa do FGTS e contribuição social sobre o Aviso Prévio Indenizado",0.5,{"$f":"D60","v":195.08},{"$f":"$C$76*D76","v":97.54},{"$f":"F60","v":97.54},{"$f":"$C$76*F76","v":48.77},{"$f":"H60","v":97.54},{"$f":"$C$76*H76","v":48.77},{"$f":"J60","v":97.54},{"$f":"$C$76*J76","v":48.77}]
["C","Aviso Prévio Trabalhado","-",{"$f":"E40+E68","v":4188.8},{"$f":"D77/12","v":349.07},{"$f":"G40+G68","v":2094.39},{"$f":"F77/12","v":174.53},{"$f":"I40+I68","v":2094.39},{"$f":"H77/12","v":174.53},{"$f":"K40+K68","v":2094.39},{"$f":"J77/12","v":174.53}]
["D","Multa do FGTS e contribuição social sobre o Aviso Prévio Trabalhado",0.5,{"$f":"D60","v":195.08},{"$f":"$C$78*D78","v":97.54},{"$f":"F60","v":97.54},{"$f":"$C$78*F78","v":48.77},{"$f":"H60","v":97.54},{"$f":"$C$78*H78","v":48.77},{"$f":"J60","v":97.54},{"$f":"$C$78*J78","v":48.77}]
["CUSTOS"]
["E","Custo do Aviso Prévio Indenizado (Calculado sobre A+B)",0.4546,{"$f":"E75+E76","v":388.08},{"$f":"$C$80*D80","v":176.42},{"$f":"G75+G76","v":194.04},{"$f":"$C$80*F80","v":88.21},{"$f":"I75+I76","v":194.04},{"$f":"$C$80*H80","v":88.21},{"$f":"K75+K76","v":194.04},{"$f":"$C$80*J80","v":88.21}]
["F","Custo do Aviso Prévio Trabalhado (Calculado sobre C+D)",0.4546,{"$f":"E77+E78","v":446.61},{"$f":"$C$81*D81","v":203.03},{"$f":"G77+G78","v":223.3},{"$f":"$C$81*F81","v":101.51},{"$f":"I77+I78","v":223.3},{"$f":"$C$81*H81","v":101.51},{"$f":"K77+K78","v":223.3},{"$f":"$C$81*J81","v":101.51}]
["G","Custo da Demissão Com Justa Causa (Calculado sobre Módulo 2.1)",7.9000000000000008E-3,{"$f":"-E51","v":-396.9},{"$f":"$C$82*D82","v":-3.14},{"$f":"-G51","v":-198.44},{"$f":"$C$82*F82","v":-1.57},{"$f":"-I51","v":-198.44},{"$f":"$C$82*H82","v":-1.57},{"$f":"-K51","v":-198.44},{"$f":"$C$82*J82","v":-1.57}]
["Total  - Módulo 3: Provisão para Rescisão",null,null,null,{"$f":"E80+E81+E82","v":376.31},null,{"$f":"G80+G81+G82","v":188.15},null,{"$f":"I80+I81+I82","v":188.15},null,{"$f":"K80+K81+K82","v":188.15}]
[]
[]
["MÓDULO 4: CUSTO DA REPOSIÇÃO DO PROFISSIONAL AUSENTE"]
["ITEM","DESCRIÇÃO","Percentual (%)",{"$f":"D21","v":"Assistente Administrativo"},null,{"$f":"F21","v":"Auxiliar de Limpeza"},null,{"$f":"H21","v":"Copeira"},null,{"$f":"J21","v":"Auxiliar de Manut. Predial"}]
[null,null,null,"Valor (R$)",null,"Valor (R$)",null,"Valor (R$)",null,"Valor (R$)"]
[null,null,null,"Anual","Mensal","Anual","Mensal","Anual","Mensal","Anual","Mensal"]
["4.1","Ausências Legais"]
["A","Custo Diário para o Repositor","-",{"$f":"E40+E68+E83","v":4565.1099999999997},{"$f":"(D91/30)","v":152.16999999999999},{"$f":"G40+G68+G83","v":2282.54},{"$f":"(F91/30)*F23","v":76.08},{"$f":"I40+I68+I83","v":2282.54},{"$f":"(H91/30)*H23","v":76.08},{"$f":"K40+K68+K83","v":2282.54},{"$f":"(J91/30)*J23","v":76.08}]
["B","Ausências Legais",null,{"$f":"(E91*('Planilhas auxiliares'!$F$33))","v":4441.87},{"$f":"(D92/12)","v":370.16},{"$f":"(G91*('Planilhas auxiliares'!$F$33))","v":2220.79},{"$f":"(F92/12)*F23","v":185.07},{"$f":"(I91*('Planilhas auxiliares'!$F$33))","v":2220.79},{"$f":"(H92/12)*H23","v":185.07},{"$f":"(K91*('Planilhas auxiliares'!$F$33))","v":2220.79},{"$f":"(J92/12)*J23","v":185.07}]
["Total - Módulo 4: Custo Reposição Profissional Ausente",null,null,null,{"$f":"E92","v":370.16},null,{"$f":"G92","v":185.07},null,{"$f":"I92","v":185.07},null,{"$f":"K92","v":185.07}]
[]
[]
["MÓDULO 5: INSUMOS DIVERSOS"]
["ITEM","DESCRIÇÃO",null,{"$f":"D21","v":"Assistente Administrativo"},null,{"$f":"F21","v":"Auxiliar de Limpeza"},null,{"$f":"H21","v":"Copeira"},null,{"$f":"J31","v":"Auxiliar de Manut. Predial"}]
[null,null,null,"Valor (R$)",null,"Valor (R$)",null,"Valor (R$)",null,"Valor (R$)"]
["A","Uniformes",null,{"$f":"'Planilhas auxiliares'!C46","v":92.39},null,{"$f":"'Planilhas auxiliares'!D46","v":32.97},null,{"$f":"'Planilhas auxiliares'!E46","v":53.48},null,{"$f":"'Planilhas auxiliares'!F46","v":30.82}]
["B","Materiais",null,{"$f":"'Planilhas auxiliares'!C53","v":0},null,{"$f":"'Planilhas auxiliares'!D53","v":522.20000000000005},null,{"$f":"'Planilhas auxiliares'!E53","v":104.2},null,{"$f":"'Planilhas auxiliares'!F53","v":11.52}]
["Total - Módulo 5: Insumos Diversos",null,null,null,{"$f":"SUM(D99:E100)","v":92.39},null,{"$f":"SUM(F99:G100)","v":555.16999999999996},null,{"$f":"SUM(H99:I100)","v":157.68},null,{"$f":"SUM(J99:K100)","v":42.34}]
[]
[]
["MÓDULO 6: CUSTOS INDIRETOS, TRIBUTOS E LUCRO"]
["ITEM","DESCRIÇÃO","Percentual (%)",{"$f":"D21","v":"Assistente Administrativo"},null,{"$f":"F21","v":"Auxiliar de Limpeza"},null,{"$f":"H21","v":"Copeira"},null,{"$f":"J21","v":"Auxiliar de Manut. Predial"}]
[null,null,null,"Valor (R$)",null,"Valor (R$)",null,"Valor (R$)",null,"Valor (R$)"]
[null,null,null,"Unitário","Total","Unitário","Total","Unitário","Total","Unitário","Total"]
["A","Custos Indiretos (CI)",0.06,{"$f":"$C$108*(E40+E68+E83+E93+E101)","v":301.66000000000003},null,{"$f":"$C$108*(G40+G68+G83+G93+G101)","v":181.37},null,{"$f":"$C$108*(I40+I68+I83+I93+I101)","v":157.52000000000001},null,{"$f":"$C$108*(K40+K68+K83+K93+K101)","v":150.6}]
["B","Lucro (L)",7.4999999999999997E-2,{"$f":"$C$109*(E40+E68+E83+E93+E101)","v":377.07},null,{"$f":"$C$109*(G40+G68+G83+G93+G101)","v":226.71},null,{"$f":"$C$109*(I40+I68+I83+I93+I101)","v":196.9},null,{"$f":"$C$109*(K40+K68+K83+K93+K101)","v":188.25}]
["C","Tributos"]
["C.1","Tributos Federais (COFINS/PIS)",3.6499999999999998E-2,{"$f":"D122","v":228},null,{"$f":"F122","v":137.08000000000001},null,119.06,null,{"$f":"J122","v":113.83}]
["C.2","Tributos Municipais (ISSQN ou ISS)",0.05,{"$f":"D123","v":312.33999999999997},null,{"$f":"F123","v":187.79},null,163.09,null,{"$f":"J123","v":155.93}]
["Total - Custos Indiretos, Tributos e Lucro:",null,null,null,{"$f":"SUM(D108:E112)","v":1219.07},null,{"$f":"SUM(F108:G112)","v":732.95},null,{"$f":"SUM(H108:I112)","v":636.57000000000005},null,{"$f":"SUM(J108:K112)","v":608.61}]
[]
[]
["*QUADRO - CÁLCULO TRIBUTOS*"]
["DESCRIÇÃO",null,null,{"$f":"D21","v":"Assistente Administrativo"},null,{"$f":"F21","v":"Auxiliar de Limpeza"},null,{"$f":"H21","v":"Copeira"},null,{"$f":"J21","v":"Auxiliar de Manut. Predial"}]
[null,null,null,"Valor (R$)",null,"Valor (R$)",null,"Valor (R$)",null,"Valor (R$)"]
["P0 = (MÓD 1 + MÓD 2 + MÓD 3 + MÓD 4) + (CI) + (L)",null,null,{"$f":"(E40+E68+E83+E93+E101)+D108+D109","v":5706.39},null,{"$f":"(G40+G68+G83+G93+G101)+F108+F109","v":3430.86},null,{"$f":"(I40+I68+I83+I93+I101)+H108+H109","v":2979.71},null,{"$f":"(K40+K68+K83+K93+K101)+J108+J109","v":2848.8}]
["P1 = P0/(1 - 0,0865)",null,null,{"$f":"D119/(1-0.0865)","v":6246.73},null,{"$f":"F119/(1-0.0865)","v":3755.73},null,{"$f":"H119/(1-0.0865)","v":3261.86},null,{"$f":"J119/(1-0.0865)","v":3118.56}]
["T = P1 - P0",null,null,{"$f":"D120-D119","v":540.34},null,{"$f":"F120-F119","v":324.87},null,282.14999999999998,null,{"$f":"J120-J119","v":269.76}]
["COFINS/PIS = (3,65/8,65) x T",null,null,{"$f":"(3.65/8.65)*D121","v":228},null,{"$f":"(3.65/8.65)*F121","v":137.08000000000001},null,119.06,null,{"$f":"(3.65/8.65)*J121","v":113.83}]
["ISS = (5,00/8,65) x T",null,null,{"$f":"(5/8.65)*D121","v":312.33999999999997},null,{"$f":"(5/8.65)*F121","v":187.79},null,{"$f":"(5/8.65)*H121","v":163.09},null,{"$f":"(5/8.65)*J121","v":155.93}]
[]
[]
[]
["QUADRO RESUMO DO CUSTO POR EMPREGADO"]
["ITEM","DESCRIÇÃO","Percentual (%)",{"$f":"D21","v":"Assistente Administrativo"},null,{"$f":"F21","v":"Auxiliar de Limpeza"},null,{"$f":"H21","v":"Copeira"},null,{"$f":"J21","v":"Auxiliar de Manut. Predial"}]
[null,null,null,"Valor (R$)",null,"Valor (R$)",null,"Valor (R$)",null,"Valor (R$)"]
["A","Módulo 1 - Composição da Remuneração",null,{"$f":"E40","v":2041.62},null,{"$f":"G40","v":1020.81},null,{"$f":"I40","v":1020.81},null,{"$f":"K40","v":1020.81}]
["B","Módulo 2 - Encargos e Benefícios Anuais, Mensais e Diários",null,{"$f":"E68","v":2147.1799999999998},null,{"$f":"G68","v":1073.58},null,{"$f":"I68","v":1073.58},null,{"$f":"K68","v":1073.58}]
["C","Módulo 3 - Provisão para Rescisão",null,{"$f":"E83","v":376.31},null,{"$f":"G83","v":188.15},null,{"$f":"I83","v":188.15},null,{"$f":"K83","v":188.15}]
["D","Módulo 4 - Custo de Reposição do Profissional Ausente",null,{"$f":"E93","v":370.16},null,{"$f":"G93","v":185.07},null,{"$f":"I93","v":185.07},null,{"$f":"K93","v":185.07}]
["E","Módulo 5 - Insumos Diversos",null,{"$f":"E101","v":92.39},null,{"$f":"G101","v":555.16999999999996},null,{"$f":"I101","v":157.68},null,{"$f":"K101","v":42.34}]
["Subtotal (A + B +C+ D+E)"]
["F","Módulo 6 – Custos Indiretos, Tributos e Lucro",null,{"$f":"E113","v":1219.07},null,{"$f":"G113","v":732.95},null,{"$f":"I113","v":636.57000000000005},null,{"$f":"K113","v":608.61}]
["TOTAL MENSAL POR PROFISSINAL (R$):",null,null,{"$f":"SUM(D130:E136)","v":6246.73},null,{"$f":"SUM(F130:G136)","v":3755.73},null,{"$f":"SUM(H130:I136)","v":3261.86},null,{"$f":"SUM(J130:K136)","v":3118.56}]
["TOTAL ANUAL POR PROFISSIONAL (R$):",null,null,{"$f":"12*D137","v":74960.759999999995},null,{"$f":"12*F137","v":45068.76},null,{"$f":"12*H137","v":39142.32},null,{"$f":"12*J137","v":37422.720000000001}]
["TOTAL MENSAL - CONTRATO (R$):",{"$nulls":8},{"$f":"SUM(D137:K137)","v":16382.88}]
["TOTAL ANUAL - CONTRATO (R$):",{"$nulls":8},{"$f":"SUM(D138:K138)","v":196594.56}]

{"sheet":"Planilhas auxiliares","index":2,"n_rows":53,"n_cols":8,"rows_kept":53,"cut":false,"hidden":false,"merged":[[39,0,39,5],[15,6,17,7],[30,0,30,1],[25,0,25,1],[26,0,26,1],[27,0,27,1],[28,0,28,1],[29,0,29,1],[20,0,20,1],[21,0,21,1],[22,0,22,1],[23,0,23,1],[24,0,24,1],[4,0,7,7],[9,0,9,7],[18,2,19,2],[18,3,19,3],[18,0,19,1],[13,0,13,7],[18,6,19,6],[17,0,17,5],[15,0,16,5],[31,0,31,1],[40,0,41,1],[48,0,49,1],[32,0,32,4],[36,0,36,5],[42,0,42,1],[43,0,43,1],[44,0,44,1],[45,0,45,1],[40,2,41,2],[40,4,41,4],[40,5,41,5],[48,4,49,4],[48,5,49,5],[40,3,41,3],[48,2,49,2],[48,3,49,3],[51,0,51,1],[52,0,52,1],[50,0,50,1],[47,0,47,5]]}
[]
[]
[]
[]
["Contratação dos serviços de auxiliar de limpeza, copeira, auxiliar de manutenção predial e assistente administrativo para apoio ao Centro de Controle e Operação do PISF - AD/GOI/CCO, localizado em Salgueiro/PE"]
[]
[]
[]
[]
["PLANILHAS AUXILIARES"]
[]
[]
[]
["MÓDULO 4 - CUSTO DE REPOSIÇÃO DO PROFISSIONAL AUSENTE"]
[]
["Porobabilidade de ocorrência de ausências legais, conforme previsão do art. 473 da Consolidação das Leis do Trabalho.",{"$nulls":5},"ESTIMATIVA DA NECESSIDADE DE REPOSIÇÃO DE PROFISSIONAL"]
[]
["Memória de Cálculo - número de dias de reposição do profissional ausente para cada evento "]
["Categoria",null,"Incidencia Anual","Duração Legal  \nda Ausência (dias)","40h",null,"Composição","ESCALAS"]
[{"$nulls":4},"Proporção dias afetados","Dias de reposição",null,"40 SEM"]
["Férias",null,1,30,{"$f":"(252/365)","v":0.69040000000000001},{"$f":"(C21*D21)*E21","v":20.712},"Férias",{"$f":"F21","v":20.712}]
["Ausência justificada",null,1,1,1,1,"Ausência justificada",1]
["Acidente trabalho",null,9.2200000000000004E-2,15,{"$f":"(252/365)","v":0.69040000000000001},0.95479999999999998,"Acidente trabalho",0.95479999999999998]
["Afastamento por doença",null,1,5,{"$f":"(252/365)","v":0.69040000000000001},3.452,"Afastamento por doença",3.452]
["Consulta médica filho",null,0.1522,2,1,0.3044,"Consulta médica filho",0.3044]
["Óbitos na família",null,3.09E-2,2,{"$f":"(252/365)","v":0.69040000000000001},4.2700000000000002E-2,"Óbitos na família",4.2700000000000002E-2]
["Casamento",null,1.23E-2,3,1,3.6900000000000002E-2,"Casamento",3.6900000000000002E-2]
["Doação de sangue",null,0.02,1,1,0.02,"Doação de sangue",0.02]
["Testemunho",null,4.0000000000000001E-3,1,1,4.0000000000000001E-3,"Testemunho",4.0000000000000001E-3]
["Paternidade",null,1.37E-2,20,{"$f":"(252/365)","v":0.69040000000000001},0.18920000000000001,"Paternidade",0.18920000000000001]
["Maternidade",null,1.9900000000000001E-2,180,{"$f":"(252/365)","v":0.69040000000000001},2.4729999999999999,"Maternidade",2.4729999999999999]
["Consulta pré-natal",null,2.0000000000000001E-4,6,1,1.1999999999999999E-3,"Consulta pré-natal",1.1999999999999999E-3]
["TOTAL  - Necessidade de Reposição do Profissinal Ausente:",{"$nulls":4},{"$f":"SUM(F21:F32)","v":29.190200000000001},"Total Para reposição:",{"$f":"SUM(H21:H32)","v":29.190200000000001}]
[]
[]
[]
["MÓDULO 5 - INSUMOS DE MÃO DE OBRA"]
[]
[]
["UNIFORMES (Preço Cotado no Mercado)"]
["Descrição",null,"Assistente Administrativo","Auxiliar de Limpeza","Copeira","Aux. Manut. Predial"]
[]
["Quantidade",null,2,1,1,1]
["Valor Unitário - ANUAL",null,{"$f":"'Uniformes (Detalhamento)'!F22","v":554.30999999999995},{"$f":"'Uniformes (Detalhamento)'!F29","v":395.67},{"$f":"'Uniformes (Detalhamento)'!F36","v":641.80999999999995},{"$f":"'Uniformes (Detalhamento)'!F42","v":369.8}]
["Valor Total - ANUAL",null,{"$f":"C43*C44","v":1108.6199999999999},{"$f":"D43*D44","v":395.67},{"$f":"E43*E44","v":641.80999999999995},{"$f":"F43*F44","v":369.8}]
["Total - Uniformes (MENSAL):",null,{"$f":"C45/12","v":92.39},{"$f":"D45/12","v":32.97},{"$f":"E45/12","v":53.48},{"$f":"F45/12","v":30.82}]
[]
["MATERIAIS E EQUIPAMENTOS (Preço Cotado no Mercado)"]
["Descrição",null,"Assistente Administrativo","Auxiliar de Limpeza","Copeira","Aux. Manut. Predial"]
[]
["Quantidade",null,0,1,1,1]
["Valor Anual",null,0,{"$f":"'Mat & Equip (Detalhamento)'!F62*12","v":6266.4},{"$f":"'Mat & Equip (Detalhamento)'!F97*12","v":1250.4000000000001},{"$f":"'Mat & Equip (Detalhamento)'!F114*12","v":138.24}]
["Total - Materiais e Equipamentos (MENSAL):",null,{"$f":"(C52*C51)/12","v":0},{"$f":"(D52*D51)/12","v":522.20000000000005},{"$f":"(E52*E51)/12","v":104.2},{"$f":"(F52*F51)/12","v":11.52}]

{"sheet":"Uniformes (Detalhamento)","index":3,"n_rows":42,"n_cols":6,"rows_kept":42,"cut":false,"hidden":false,"merged":[[41,0,41,4],[21,0,21,4],[28,0,28,4],[35,0,35,4],[11,0,11,5],[13,0,13,5],[14,0,15,0],[14,1,15,1],[14,2,15,2],[14,3,15,3],[14,4,14,5],[0,1,0,5],[1,1,1,5],[4,0,5,5],[7,0,7,5],[9,0,9,5]]}
[null,"Ministério do Desenvolvimento Regional\n"]
[null,"Companhia de Desenvolvimento dos Vales do Rio São Francisco e do Parnaíba\n"]
[]
[]
["Contratação dos serviços de auxiliar de limpeza, copeira, auxiliar de manutenção predial e assistente administrativo para apoio ao Centro de Controle e Operação do PISF - AD/GOI/CCO, localizado em Salgueiro/PE"]
[]
[]
["PLANILHAS AUXILIARES"]
[]
["MÓDULO 5 - INSUMOS DE MÃO DE OBRA"]
[]
["A - UNIFORMES"]
[]
["Relação  - Uniforme - ANUAL "]
["Item","Material","Unidade","Quantidade","Valor Médio"]
[{"$nulls":4},"Unitário","Total"]
[1,"Assistente Administrativo"]
["1.1","Camisa (Camisa social, contendo o emblema da Contratada bordado no lado superior esquerdo ou direito)","und",4,71.33,{"$f":"D18*E18","v":285.32}]
["1.2","Calça comprida (Calça tipo social, com zíper, na cor preta)","und",2,63.67,{"$f":"D19*E19","v":127.34}]
["1.3","Blazer (Na cor preta, em tecido tipo microfibra, forrado internamente, inclusive na manga, com 2 (dois) bolsos inferiores, contendo o emblema da Contratada bordado no lado superior esquerdo)","und",1,68.33,{"$f":"D20*E20","v":68.33}]
["1.4","Par de Sapato (Sapato tipo social que seja macio, palmilha de montagem em couro, solado em couro com proteção antiderrapante, salto máximo 3 cm)","par ",1,73.319999999999993,{"$f":"D21*E21","v":73.319999999999993}]
["Total - Unif. Assist. Adminstrativo - Individ. Anual (R$):",{"$nulls":4},{"$f":"SUM(F18:F21)","v":554.30999999999995}]
[2,"Auxiliar de Limpeza"]
["2.1","Camiseta manga curta (Camiseta com gola simples, de mangas curtas, sem abotoamento, com logomarca da empresa)","und",4,28.67,{"$f":"D24*E24","v":114.68}]
["2.2","Camiseta manga longa (Camiseta com gola simples, de mangas longas, sem abotoamento, com logomarca da empresa)","und",2,55.33,{"$f":"D25*E25","v":110.66}]
["2.3","Calça comprida (Calça comprida com elástico e cordão, em tecido brim)","und",2,54.17,108.34]
["2.4","Calçado (Botas, cano curto, solado antiderrapante, para atividades com água, hidro-repelente, com sistema de elástico, cor preto)","und",1,36.119999999999997,36.119999999999997]
["2.5","Bota de Borracha (Bota de borracha para limpeza com solado antiderrapante)","und",1,25.87,25.87]
["Total - Unif. Auxiliar de Limpeza - Individ. Anual (R$):",{"$nulls":4},{"$f":"SUM(F24:F28)","v":395.67}]
[3,"Copeira"]
["3.1","Camisa (Camisa social, contendo o emblema da Contratada bordado no lado superior esquerdo ou direito)","und",4,71.33,{"$f":"D31*E31","v":285.32}]
["3.2","Calça comprida (Calça tipo social, com zíper, na cor preta)","und",2,63.67,{"$f":"D32*E32","v":127.34}]
["3.3","Blazer (Na cor preta, em tecido tipo microfibra, forrado internamente, inclusive na manga, com 2 (dois) bolsos inferiores, contendo o emblema da Contratada bordado no lado superior esquerdo)","und",1,68.33,{"$f":"D33*E33","v":68.33}]
["3.4","Par de Sapato (Sapato tipo social que seja macio, palmilha de montagem em couro, solado em couro com proteção antiderrapante, salto máximo 3 cm)","par ",1,73.319999999999993,{"$f":"D34*E34","v":73.319999999999993}]
["3.5","Avental, em oxford ou tergal, branco, com amarras dos lados","und",2,43.75,{"$f":"D35*E35","v":87.5}]
["Total - Unif. Copeira - Individ. Anual (R$):",{"$nulls":4},{"$f":"SUM(F31:F35)","v":641.80999999999995}]
[4,"Auxiliar de Manutenção Predial"]
["4.1","Camiseta manga curta (Camiseta com gola simples, de mangas curtas, sem abotoamento, com logomarca da empresa)","und",4,28.67,{"$f":"D38*E38","v":114.68}]
["4.2","Camiseta manga longa (Camiseta com gola simples, de mangas longas, sem abotoamento, com logomarca da empresa)","und",2,55.33,{"$f":"D39*E39","v":110.66}]
["4.3","Calça comprida (Calça comprida com elástico e cordão, em tecido brim)","und",2,54.17,108.34]
["4.4","Calçado (Botas, cano curto, solado antiderrapante, para atividades com água, hidro-repelente, com sistema de elástico, cor preto)","und",1,36.119999999999997,36.119999999999997]
["Total - Unif. Auxiliar de Manutenção Predial - Individ. Anual (R$):",{"$nulls":4},{"$f":"SUM(F38:F41)","v":369.8}]

{"sheet":"Mat & Equip (Detalhamento)","index":4,"n_rows":114,"n_cols":6,"rows_kept":114,"cut":false,"hidden":false,"merged":[[110,0,110,4],[96,0,96,4],[113,0,113,4],[13,0,13,3],[43,0,43,3],[64,0,64,3],[84,0,84,3],[99,0,99,3],[65,3,66,3],[65,4,65,5],[82,0,82,4],[100,0,101,0],[100,1,101,1],[100,2,101,2],[100,3,101,3],[100,4,100,5],[111,0,111,4],[85,0,86,0],[85,1,86,1],[85,2,86,2],[85,3,86,3],[85,4,85,5],[93,0,93,4],[94,0,94,4],[65,0,66,0],[65,1,66,1],[65,2,66,2],[44,1,45,1],[44,0,45,0],[9,0,9,5],[7,0,7,5],[4,0,5,5],[11,0,11,5],[0,1,0,5],[1,1,1,5],[61,0,61,4],[41,0,41,4],[14,0,15,0],[14,1,15,1],[14,2,15,2],[14,3,15,3],[14,4,14,5],[59,0,59,4],[58,0,58,4],[44,4,44,5],[44,3,45,3],[44,2,45,2]]}
[null,"Ministério do Desenvolvimento Regional\n"]
[null,"Companhia de Desenvolvimento dos Vales do Rio São Francisco e do Parnaíba\n"]
[]
[]
["Contratação dos serviços de auxiliar de limpeza, copeira, auxiliar de manutenção predial e assistente administrativo para apoio ao Centro de Controle e Operação do PISF - AD/GOI/CCO, localizado em Salgueiro/PE"]
[]
[]
["PLANILHAS AUXILIARES"]
[]
["MÓDULO 5 - INSUMOS DE MÃO DE OBRA"]
[]
["B - MATERIAL DE CONSUMO"]
[]
["AUXILIAR DE LIMPEZA - Relação mínima estimada de materiais de consumo – MENSAL "]
["Item","Material","Unidade","Quantidade","Valor Médio"]
[{"$nulls":4},"Unitário","Total"]
[1,"Água sanitária, 1 litro","und",5,1.66,{"$f":"D17*E17","v":8.3000000000000007}]
[2,"Álcool etílico 46 INPM, 1 litro","und",2,3.96,7.92]
[3,"Álcool Gel 70% antisséptico para mãos 440ml","und",3,11.91,35.729999999999997]
[4,"Desinfetante concentrado, galão de 5 litros ","und",1,45.37,45.37]
[5,"Desodorizador de ar, frasco aerossol com 360 ml ","und",2,7.54,15.08]
[6,"Esponja de espuma multiuso dupla face com manta abrasiva (3M Scotch Brite ou similar)","und",4,0.43,1.72]
[7,"Esponja de lã de aço (Bombril ou similar), pacote com 8 unidades ","und",null,1.85,0]
[8,"Flanela – 28x38 cm, cor amarela ","und",4,1.63,6.52]
[9,"Flanela – 28x38cm, cor branca ","und",4,1.46,5.84]
[10,"Limpa vidros concentrado, galão de 5 litros ","und",1,43.15,43.15]
[11,"Limpador multiuso (Veja Multiuso ou similar)","und",2,2.31,4.62]
[12,"Lustra-móveis, frasco 200ml","und",2,3.66,7.32]
[13,"Luvas de látex (par) ","par",2,2.72,5.44]
[14,"Máscara descartável PFF1 contra poeiras e névoas","und",4,1.1499999999999999,4.5999999999999996]
[15,"Papel higiênico macio, de 1ª qualidade, folha dupla picotada (Pacote com 16 rolos com 30m)","und",4,19.66,78.64]
[16,"Papel toalha, interfolhado, macio, hidrossolúvel, feito com 100% de celulose na cor branca – pacote com 1000 folhas ","pacote",4,11.27,45.08]
[17,"Pastilha sanitária em pedra 25g com gancho","und",12,0.99,11.88]
[18,"Sabão em barra, pacote com 5 unidades de 200g (Minuano ou similar)","pacote",1,4.9800000000000004,4.9800000000000004]
[19,"Sabão em pó, 1Kg","pacote",2,6.71,13.42]
[20,"Sabonete líquido antisséptico, perfumado, galão de 5 litros ","und",1,42.42,42.42]
[21,"Saco alvejado, 100% algodão, para limpeza de chão (pano de chão)","und",2,2.63,5.26]
[22,"Saco para lixo 200 litros com 50 unidades – reforçado ","pacote",1,33.880000000000003,33.880000000000003]
[23,"Saco para lixo 100 litros com 100 unidades – reforçado ","pacote",1,36.89,36.89]
[24,"Saco para lixo 30 litros com 100 unidades – reforçado ","pacote",1,17.37,17.37]
[25,"Soda cáustica em escamas, pote 1kg","und",1,14.55,14.55]
["Total - Material de Consumo - Auxiliar de Limpeza - Mensal (R$):",{"$nulls":4},{"$f":"SUM(F17:F41)","v":495.98}]
[]
["AUXILIAR DE LIMPEZA - Relação mínima estimada de materiais de consumo – ANUAL "]
["Item","Material","Unidade","Quantidade","Valor Médio"]
[{"$nulls":4},"Unitário","Total"]
[1,"Balde plástico reforçado de 12 litros ","und",4,8.07,{"$f":"D47*E47","v":32.28}]
[2,"Escova de mão, com cerdas de nylon ","und",4,3.63,{"$f":"D48*E48","v":14.52}]
[3,"Escova sanitária com cerdas de nylon em formato circular, para higienização de vaso sanitário, com suporte ","und",6,8.06,48.36]
[4,"Espanador de pó, médio, 30cm","und",3,15.75,47.25]
[5,"Luva de raspa, cano curto (par)","par",1,6.11,6.11]
[6,"Luva tricotada pigmentada (par)","par",1,2.4900000000000002,2.4900000000000002]
[7,"Pá para lixo com cabo longo ","und",2,3.73,7.46]
[8,"Rodo limpa vidros com cabo longo ","und",1,39.33,39.33]
[9,"Rodo, com 40 cm de largura, com cabo ","und",4,5.93,23.72]
[10,"Vassoura de nylon, 30 cm, com cabo","und",2,9.58,19.16]
[11,"Vassoura de pelo sintético, 40 cm, com cabo ","und",4,11.91,47.64]
[12,"Vassoura limpa teto (vasculhar), com cabo de 2 metros","und",1,26.29,26.29]
["Total - Material de Consumo - Auxiliar de Limpeza - Anual (R$):",{"$nulls":4},{"$f":"SUM(F47:F58)","v":314.61}]
["Total Proporcional Mensal:",{"$nulls":4},{"$f":"F59/12","v":26.22}]
[]
["Total Geral - Material de Consumo - AUXILIAR DE LIMPEZA - MENSAL (R$):",{"$nulls":4},{"$f":"F42+F60","v":522.20000000000005}]
[]
[]
["COPEIRA - Relação mínima estimada de materiais de consumo – MENSAL "]
["Item","Material","Unidade","Quantidade","Valor Médio"]
[{"$nulls":4},"Unitário","Total"]
[1,"Açúcar cristal (pct 1 Kg)","pct",2,2.99,{"$f":"D68*E68","v":5.98}]
[2,"Adoçante líquido, frasco 100ml","und",1,1.74,1.74]
[3,"Água sanitária, 1 litro ","und",1,1.66,1.66]
[4,"Álcool etílico 46 INPM, 1 litro","und",1,3.96,3.96]
[5,"Café torrado e moído (pct 250g)","pct",8,5.12,40.96]
[6,"Copo descartável 180ml para água, pacote com 100","pct",4,3.36,13.44]
[7,"Copo descartável 50ml para café, pacote com 100","pct",1,2.15,2.15]
[8,"Detergente líquido neutro biodegradável, lava-louças, 500 ml (Minuano ou similar) ","und",4,1.36,5.44]
[9,"Esponja de espuma multiuso dupla face com manta abrasiva (3M Scote Brite ou similar)","und",2,0.43,0.86]
[10,"Esponja de lã de aço (Bombril ou similar), pacote com 8 unidades ","pct",1,1.85,1.85]
[11,"Flanela – 28x38cm, cor branca ","und",1,1.46,1.46]
[12,"Guardanapo de papel, 20 x 20cm, pct com 50","und",4,1.42,5.68]
[13,"Limpador multiuso (Veja Multiuso ou similar), frasco 500ml","und",1,2.31,2.31]
[14,"Pano de prato, 100% algodão ","und",1,2.38,2.38]
[15,"Sabão em pó, 1 kg ","und",1,6.71,6.71]
["Total - Material de Consumo - Copeira - Mensal (R$):",{"$nulls":4},{"$f":"SUM(F68:F82)","v":96.58}]
[]
["COPEIRA - Relação mínima estimada de materiais de consumo – ANUAL "]
["Item","Material","Unidade","Quantidade","Valor Médio"]
[{"$nulls":4},"Unitário","Total"]
[1,"Balde plástico reforçado de 12 litros ","und",2,8.07,{"$f":"D88*E88","v":16.14}]
[2,"Coador de café de pano","und",12,2.38,{"$f":"D89*E89","v":28.56}]
[3,"Rodo de pia ","und",2,3.67,{"$f":"D90*E90","v":7.34}]
[4,"Rodo, com 40 cm de largura, com cabo ","und",2,5.93,11.86]
[5,"Saco alvejado, 100% algodão, para limpeza de chão (pano de chão)","und",6,2.63,15.78]
[6,"Suporte para sabão, esponja e detergente","und",1,11.79,11.79]
["Total - Material de Consumo - Copeira - Anual (R$):",{"$nulls":4},{"$f":"SUM(F88:F93)","v":91.47}]
["Total Proporcional Mensal:",{"$nulls":4},{"$f":"F94/12","v":7.62}]
[]
["Total Geral - Material de Consumo - COPEIRA - MENSAL (R$):",{"$nulls":4},{"$f":"F83+F95","v":104.2}]
[]
[]
["AUXILIAR DE MANUTENÇÃO PREDIAL - Relação mínima estimada de equipamentos - VIDA ÚTIL 60 MESES"]
["Item","Equipamento/Utensílio","Unidade","Quantidade","Valor Médio"]
[{"$nulls":4},"Unitário","Total"]
[1,"Enxada com cabo","und",1,19.989999999999998,{"$f":"D103*E103","v":19.989999999999998}]
[2,"Escada metálica tipo tesoura - 4 degraus ","und",1,93.78,{"$f":"D104*E104","v":93.78}]
[3,"Escada metálica tipo tesoura - 9 degraus ","und",1,207.93,207.93]
[4,"Lixeira container com rodas, capacidade 100 litros","und",1,191.23,191.23]
[5,"Mangueira para jardim 3/4\" com 50 metros em PVC / poliéster trançado","und",1,113.7,113.7]
[6,"Tesoura de poda ","und",1,16.8,16.8]
[7,"Tesoura para cerca viva/grama, lâminas lisas, cabo de madeira","und",1,20.2,20.2]
[8,"Vassoura tipo ancinho metálica, 18 a 22 dentes, cabo de madeira","und",1,27.65,27.65]
["Total - Equipamentos/Utensílios - Auxiliar de Manutenção Predial - 60 Meses (R$):",{"$nulls":4},{"$f":"SUM(F103:F110)","v":691.28}]
["Total Proporcional Mensal (1/60):",{"$nulls":4},{"$f":"F111/60","v":11.52}]
[]
["Total Geral - Equipamentos/ Utensílios - AUXILIAR DE MANUTENÇÃO PREDIAL - MENSAL (R$):",{"$nulls":4},{"$f":"F112","v":11.52}]